Biggest Cities in Niger Quiz - Statistics

General Stats
  • This quiz has been taken 290 times
    240 since last reset
  • The average score is 4 of 10
Answer Stats
Population City % Correct
978,029 Niamey
100%
110,497 Agadez
61%
235,605 Zinder
56%
267,249 Maradi
44%
117,826 Tahoua
31%
58,671 Dosso
28%
78,651 Arlit
24%
45,465 Gaya
11%
43,409 Tessaoua
11%
63,169 Birni N'konni
9%
No matching quizzes found
Score Distribution
Percent of People with Each Score
Percentile by Number Answered
Your Score History
You have not taken this quiz since the last reset